India in a globalizing era : (Record no. 38781)

MARC details
000 -LEADER
fixed length control field 00926nam a22002297a 4500
005 - DATE AND TIME OF LATEST TRANSACTION
control field 2010080209009.0
010 ## - LCCN (DPL NO)
LC control number ENG-97703
020 ## - INTERNATIONAL STANDARD BOOK NUMBER
International Standard Book Number 9788178311616
Terms of availability 1000.00
035 ## - SYSTEM CONTROL NUMBER
System control number 338.954
037 ## - SOURCE OF ACQUISITION
Source of stock number/acquisition DBAD/PUB
082 ## - DEWEY DECIMAL CLASSIFICATION NUMBER
Classification number 338.954
245 ## - TITLE STATEMENT
Title India in a globalizing era :
Remainder of title multidisciplinary perspectives /
Statement of responsibility, etc edited by Subhendu Rajan Raj [and] Mahendra Pratap Singh
260 ## - PUBLICATION, DISTRIBUTION, ETC. (IMPRINT)
Place of publication, distribution, etc New Delhi
Name of publisher, distributor, etc Manak Publications
Date of publication, distribution, etc 2009
270 ## - ADDRESS
Address B-7, Saraswati Complex, Subhash Chowk, Laxmi Nagar
City New Delhi
Postal code 110092
300 ## - PHYSICAL DESCRIPTION
Extent xxxiv,374p.
Dimensions 22cm (Hb)
500 ## - GENERAL NOTE
General note Includes index
650 ## - SUBJECT ADDED ENTRY--TOPICAL TERM
Topical term or geographic name as entry element Globalization
General subdivision Economic aspects
Geographic subdivision India
700 ## - ADDED ENTRY--PERSONAL NAME
Personal name Raj, Subhendu Ranjan
9 (RLIN) 4534
700 ## - ADDED ENTRY--PERSONAL NAME
Personal name Singh, Mahendra Prasad
9 (RLIN) 4535
942 ## - ADDED ENTRY ELEMENTS (KOHA)
Source of classification or shelving scheme Dewey Decimal Classification
Item type English Books
Classification part 338.954
Call number suffix IND
Holdings
Withdrawn status Lost status Not for loan Collection code Home library Current library Date acquired Source of acquisition Cost, normal purchase price Full call number Barcode Copy number Cost, replacement price Koha item type
    Not For Loan Non-fiction D.B.Act.Division D.B.Act.Division 02/08/2010 DBAD/PUB 1000.00 338.954 IND EN-81236 1 1000.00 English Books

© Delhi Public Library
Hit Counter
free hit counter